000 01735nam a2200493 i 4500
001 38777
003 KOSZ 005
005 20240405063124.0
008 990213s1998 pl |000 0 pol
015 _aUWD 1999/2016
020 _a8387673323
035 _a991008969679705066
035 _a(PL-WaBN)b12316258-48omnis_nlop
035 _ab12316258
035 _a(OCoLC)830195246
035 _a(PL)b0000001231625
035 _a(EXLNZ-48OMNIS_NETWORK)9910022267205606
040 _aWA N
_cWA N
_dKOSZ 005/HR
041 0 _apol
045 _bd1997
046 _k1998
080 _a34-054.6(438)
100 1 _aBiałocerkiewicz, Jan
_d(1945-2008)
_eKomentarz
245 1 0 _aCudzoziemcy w Rzeczypospolitej Polskiej :
_bustawa z dnia 25 czerwca 1997 r. - o cudzoziemcach wraz z przepisami wykonawczymi : komentarz /
_cJan Białocerkiewicz.
260 _aToruń :
_bTowarzystwo Naukowe Organizacji i Kierownictwa "Dom Organizatora",
_c1998.
300 _a404 s. ;
_c21 cm.
336 _aTekst
_btxt
_2rdacontent
337 _aBez urządzenia pośredniczącego
_bn
_2rdamedia
338 _aWolumin
_bnc
_2rdacarrier
380 _aKsiążki
388 _a1901-2000
388 _a1989-2000
504 _aBibliogr. s. 391-404.
648 7 _a1901-2000
648 7 _a1989-2000
650 7 _aCudzoziemcy
_2DBN
651 7 _aPolska
655 7 _aKomentarz do ustawy
658 _aPrawo i wymiar sprawiedliwości
710 2 _aDom Organizatora w Toruniu (Towarzystwo Naukowe Organizacji i Kierownictwa)
_4pbl
856 _uhttp://koha.tu.koszalin.pl/cgi-bin/koha/opac-detail.pl?biblionumber=38777
_yKatalog online BPK
942 _2UKD
_cKS
999 _c38777
_d38777